| 000 | 01027nam a2200277Ia 4500 | ||
|---|---|---|---|
| 003 | OSt | ||
| 005 | 20221005103156.0 | ||
| 006 | a|||||r|||| 00| 0 | ||
| 007 | ta | ||
| 008 | 221004b |||||||| |||| 00| 0 hin d | ||
| 020 |
_a9789385476372 (hbk) _cIndian Rupees 495 |
||
| 024 | _a33832 | ||
| 037 |
_bGift, 03/10/2017, _cTextual |
||
| 040 |
_aCRL _cCRL _bhin |
||
| 041 |
_2hin _ahin |
||
| 082 | _aO152,4x, Q6 | ||
| 100 | _aउद्भ्रांत, संपा. | ||
| 245 | 0 | _aपत्र भी इतिहास भीः संवाद भी प्रमाण भी | |
| 246 | _aPatra bhī itihās bhīah sanvād bhī pramāṇ bhī | ||
| 260 |
_aकानपुर _bअमन प्रकाशन भारत _c2016 |
||
| 300 |
_a488पृ0 _ccm. |
||
| 650 | _a हिन्दी साहित्य | ||
| 650 | _aहिन्दी पत्र | ||
| 942 |
_hO152,4x, Q6 _cTEXL _2cc |
||
| 999 |
_c1009564 _d1009564 |
||